| 000 | 00741nam a2200205 a 4500 | ||
|---|---|---|---|
| 003 | 0 | ||
| 005 | 20250423084146.0 | ||
| 008 | 030519s19uu xx 00 eng d | ||
| 050 |
_aPGS HQ 755.85 _b.M684 2003 |
||
| 100 | _aMitsuo, Lovely. | ||
| 245 |
_aSibling rivalry among UPHR grade six students / _cLovely Mitsuo. |
||
| 260 |
_aLas PiƱas City, Philippines : _bSouthville International School and Colleges, _c2003. |
||
| 300 |
_a20 pages : _bcolored illustrations ; _c28 cm. |
||
| 504 | _aIncludes bibliographical references. | ||
| 650 | _aSibling rivalry. | ||
| 650 |
_aBrothers and sisters _vPsychology. |
||
| 650 | _aSibling relationships in children. | ||
| 650 |
_aElementary school students _vPsychology. |
||
| 942 |
_2lcc _cPASS |
||
| 999 |
_c96893 _d96893 |
||